000 01390nam0a2200349 4500
001 RU\NLR\bibl\610577
005 20250610144151.0
021 _aRU
_b2004-42977
_92136
035 _a(NLR Aleph) 000602476
090 _a5188
_c5188
100 _a20050216d2004 |||y0rusy50 ca
101 0 _arus
102 _aRU
105 _aa |||||||||
200 1 _aМиллионер
_eроман
_fСергей Валяев
210 _aМ.
_cПодвиг
_d2004
215 _a284,[3] c.
_cил.
_d20
225 1 _aПодвиг
_v6
225 1 _aГероика. Приключения. Детектив
225 1 _aБогатство. Нищета. Азарт
423 0 _12001#$aДве пули на десерт$eповесть$fАлександр Ключенков$g[худож. Ольга Акулинина]
_1700#1$aКлюченков$bА.$gАлександр$4070
_1210##$aМ.$cПодвиг$d2004
_1215##$aС. 247-276
_tДве пули на десерт
_aКлюченков, Александр
686 _aШ6(2=Р)75-446
686 _aШ6(2=Р)75-446Ключенков
700 1 _aВаляев
_bС. И.
_gСергей Иванович
_4070
801 0 _aRU
_bNLR
_c20050216
_gPSBO
801 1 _aRU
_bNLR
_c20050216
830 _a1-й авт. по ЭК
942 _cBOOK
980 _aNB